Psicología y genero (Registro nro. 30008)

Detalles MARC
000 -CABECERA
Longitud fija campo de control 01280nam a2200229 a 4500
003 - • IDENTIFICADOR DELl NÚMERO DE CONTROL
Identificador del número de control CO-ViMGA
008 - • CÓDIGOS DE INFORMACIÓN DE LONGITUD FIJA
Códigos de información de longitud fija 141112s2004 ck r 000 u spa d
020 ## - • NÚMERO INTERNACIONAL NORMALIZADO PARA LIBROS
Número Internacional Normalizado para Libros (ISBN) 842053785X
040 ## - FUENTE DE LA CATALOGACIÓN
Centro catalogador de origen CO-ViMGA
Lengua de catalogación spa
Centro transcriptor CO-ViMGA
082 04 - • NÚMERO DE LA CLASIFICACIÓN DECIMAL DEWEY
Número de clasificación (R) 155.333 B171p
100 1# - • PUNTO DE ACCESO PRINCIPAL-NOMBRE DE PERSONA
Nombre de persona Barberá Heredia, Ester; Martínez Benlloch, Isabel
245 10 - • TITULO PROPIAMENTE DICHO
Título Psicología y genero
300 ## - • DESCRIPCIÓN FÍSICA
Extensión 399
505 ## - • NOTA DE CONTENIDO CON FORMATO
Nota de contenido con formato Relaciones entre los sexos y de genero en psicología Semejanzas y diferencias entre mujeres y varones 13 - - Perspectiva evolutiva : Identidades y desarrollos de comportamientos según el genero Hitos signifiativos en su desarrollo 40 - - Ámbitos actuales en estudios psicológicos de genero Una perspectiva de genero sobre conflictos y violencia 121 - - Genero, trabajo y poder segregación laboral de genero 195 - - Actitudes sexistas y nuevas formas de sexismo El sexismo como ideología de genero 272
590 ## - NOTAS LOCALES
Nota local Forma de adquisición : Compra fact. 0866 - - Precio : 51400 - - Proveedor : Temas y libros - - Fecha de adquisición : Mayo 2007
650 14 - • PUNTO DE ACCESO ADICIONAL DE MATERIA - TÉRMINO DE MATERIA
Término de materia o nombre geográfico como elemento inicial PSICOLOGIA DE LA MUJER
650 14 - • PUNTO DE ACCESO ADICIONAL DE MATERIA - TÉRMINO DE MATERIA
Término de materia o nombre geográfico como elemento inicial PSICOLOGIA DEL HOMBRE
650 14 - • PUNTO DE ACCESO ADICIONAL DE MATERIA - TÉRMINO DE MATERIA
Término de materia o nombre geográfico como elemento inicial TRABAJO DE LA MUJER - ASPECTOS PSICOLOGICOS
942 ## - ENTRADA DE ELEMENTOS AGREGADOS (KOHA)
Fuente de clasificaión o esquema Dewey Decimal Classification
Koha [por defecto] tipo de item LIbro
Existencias
Perdido Fuente de clasificación o esquema Estado Físico No para préstamo Forma de adquisición Localización permanente Localización actual Fecha adquisición Serie de enumeración / cronolog&íacute;a Préstamos totales Renovaciones totales Signatura completa Código de barras Fecha última consulta Fecha último préstamo Número de copia Fecha del precio de reemplazo Tipo de item de Koha
Missing Dewey Decimal Classification     Sala Especializada Tercer Piso Biblioteca Pública Germán Arciniegas - Villavicencio Biblioteca Pública Germán Arciniegas - Villavicencio 12/04/2015 Volumen. 1 | 11/jun/2009 2 4 155.333 B171p 21392 07/06/2018 09/11/2017 Ej. 1 12/04/2015 LIbro









Instituto Departamental de Cultura del Meta - Red Departamental de Bibliotecas Públicas del Meta.